000 00991nam a22003257a 4500
003 CHAP
005 20220817041219.0
008 971013s1988 r 00010 d
010 _a8830
011 _a9802
035 _a9038
040 _cCHAP
082 _a001.6424
_bW65
100 0 0 _aWood, Steve.
_9122536
245 _aUsing turbo pascal version 4
260 _aBerkeley, Cal. :
_bMcGraw-Hill,
_c1988
300 _a546 p.
490 _aProgramming series
590 _aBATCH-UPD
_b10
_c20130109
_lUCH01
_h2340
590 _aBATCH-UPD
_b10
_c20130110
_lUCH01
_h1935
590 _aBATCH-UPD
_b10
_c20130410
_lUCH01
_h1259
590 _aBATCH-UPD
_b10
_c20130914
_lUCH01
_h1721
590 _aCONVERSION
_b10
_c20130109
_lUCH01
_h1306
650 1 4 _aLenguajes de programación.
_965989
650 1 4 _aPascal (Programación)
830 0 _aProgramming series
_992382
901 _aBK
942 _cLIBRO
949 _a001.6424 W65
_bBC
_cLIBRO
_d33724000293056
_eLIBRO
_gI.c/e
_h77555
_i9038
_si
_t98.00
999 _c8830
_d8830